000
00278nam a2200121Ia 4500
005
20251222153651.0
008
251222s9999||||xx |||||||||||||| ||spa||
082
_a
927.8/E24
245
0
_a
Wolfang Amadeus Mozart
250
_a
1ra.ed.
264
_b
Ediciones Rueda
942
_c
LIB
999
_c
33107
_d
33107